Pelik tapi benar dalam solat

Bibliographic Details
Main Author: Abdul Rahman Mohamed (Author)
Format: Book
Language:Malay
Published: Kuala Lumpur : Telaga Biru 2006
Subjects:

MARC

LEADER 00000cam a2200000 7i4500
001 0000029996
005 20220817.0
008 220811 my may
020 |a 9833494404 
040 |a INS   |b eng   |e rda 
090 0 0 |a BP184.3   |b A278 2006 
100 0 |a Abdul Rahman Mohamed ,   |e author 
245 1 0 |a Pelik tapi benar dalam solat   |c Abdul Rahman Mohamed 
264 1 |a Kuala Lumpur :   |b Telaga Biru   |c 2006 
300 |a 134 pages :   |b illustrations colour ;   |c 22 cm. 
336 |a text  |2 rdacontent 
337 |a unmediated  |2 rdamedia 
338 |a volume  |2 rdacarrier 
504 |a Includes bibliographical references and index 
650 1 0 |a Prayer   |x Islam 
650 2 0 |a Islam   |x Customs and practices 
999 |a 0000024890   |b BOOK   |c Open Shelf   |e Default branch